000 00518nam a2200169 i 4500
001 102292
003 ES-MaACL
005 20231227062633.0
007 t|
008 051108s1939 ag ||||1| spa d
100 1 _aMenéndez Pidal, Ramón,
_d1869-1968
_980315
245 1 4 _aLos Romances de América y otros estudios /
_cRamón Menéndez Pidal.
260 _aBuenos Aires :
_bCia. Gral. Fabril Financiera,
_c1939.
300 _a190 p. ;
_c18 cm.
852 _aES-MaACL
_jA-5354
_bR.18327
999 _c102292
_d102292